MARC details
| 000 -CABECERA |
| campo de control de longitud fija |
01177cam a2200313 a 4500 |
| 001 - NÚMERO DE CONTROL |
| campo de control |
000013376 |
| 005 - FECHA Y HORA DE LA ÚLTIMA TRANSACCIÓN |
| campo de control |
20200929163218.0 |
| 008 - DATOS DE LONGITUD FIJA--INFORMACIÓN GENERAL |
| campo de control de longitud fija |
990920s1999 ck ab b 000 0 spa c |
| 020 ## - NÚMERO INTERNACIONAL ESTÁNDAR DEL LIBRO |
| Número Internacional Estándar del Libro |
9586831019 |
| 035 ## - NÚMERO DE CONTROL DEL SISTEMA |
| Número de control de sistema |
(OCoLC)ocm42397937 |
| 040 ## - FUENTE DE LA CATALOGACIÓN |
| Centro catalogador/agencia de origen |
DO-SdBNP |
| Centro/agencia transcriptor |
AGL |
| Centro/agencia modificador |
DLC |
| -- |
BNPHU |
| 082 ## - NÚMERO DE LA CLASIFICACIÓN DECIMAL DEWEY |
| Número de clasificación |
307.7209861 |
| Número de documento/Ítem |
F715 |
| 049 ## - FONDOS LOCALES (OCLC) |
| Fondos de biblioteca |
BNGR |
| 100 1# - ENTRADA PRINCIPAL--NOMBRE DE PERSONA |
| Nombre de persona |
Forero Álvarez, Jaime |
| 9 (RLIN) |
30600 |
| 245 10 - MENCIÓN DE TÍTULO |
| Título |
Economía y sociedad rural en los Andes colombianos / |
| Mención de responsabilidad, etc. |
Jaime Forero Álvarez. |
| 260 ## - PUBLICACIÓN, DISTRIBUCIÓN, ETC. |
| Lugar de publicación, distribución, etc. |
Santa Fé de Bogotá : |
| Nombre del editor, distribuidor, etc. |
Instituto de Estudios Rurales ; |
| -- |
Facultad de Estudios Ambientales y Rurales ; |
| -- |
Pontificia Universidad Javeriana, |
| Fecha de publicación, distribución, etc. |
1999. |
| 300 ## - DESCRIPCIÓN FÍSICA |
| Extensión |
378 p. : |
| Otras características físicas |
il., maps ; |
| Dimensiones |
24 cm. |
| 490 1# - MENCIÓN DE SERIE |
| Mención de serie |
Serie IER 20 años |
| 504 ## - NOTA DE BIBLIOGRAFÍA, ETC. |
| Nota de bibliografía, etc. |
Bibliográfica: (p. [365]-378). |
| 651 #4 - PUNTO DE ACCESO ADICIONAL DE MATERIA--NOMBRE GEOGRÁFICO |
| Nombre geográfico |
Colombia |
| Subdivisión general |
Condiciones Rurales |
| 9 (RLIN) |
30601 |
| 650 #4 - PUNTO DE ACCESO ADICIONAL DE MATERIA--TÉRMINO DE MATERIA |
| Término de materia o nombre geográfico como elemento de entrada |
Desarrollo rural |
| Subdivisión geográfica |
Colombia |
| 9 (RLIN) |
30602 |
| 650 #4 - PUNTO DE ACCESO ADICIONAL DE MATERIA--TÉRMINO DE MATERIA |
| Término de materia o nombre geográfico como elemento de entrada |
Desarrollo agrícola |
| Subdivisión geográfica |
Colombia |
| 9 (RLIN) |
30603 |
| 650 #4 - PUNTO DE ACCESO ADICIONAL DE MATERIA--TÉRMINO DE MATERIA |
| Término de materia o nombre geográfico como elemento de entrada |
Población rural |
| Subdivisión geográfica |
Colombia |
| 9 (RLIN) |
30604 |
| 650 #4 - PUNTO DE ACCESO ADICIONAL DE MATERIA--TÉRMINO DE MATERIA |
| Término de materia o nombre geográfico como elemento de entrada |
Economía cafetera |
| Subdivisión geográfica |
Colombia |
| 9 (RLIN) |
30605 |
| 650 #4 - PUNTO DE ACCESO ADICIONAL DE MATERIA--TÉRMINO DE MATERIA |
| Término de materia o nombre geográfico como elemento de entrada |
Economía rural |
| 9 (RLIN) |
30606 |
| 650 #4 - PUNTO DE ACCESO ADICIONAL DE MATERIA--TÉRMINO DE MATERIA |
| Término de materia o nombre geográfico como elemento de entrada |
Campesinos |
| Subdivisión geográfica |
Colombia |
| 9 (RLIN) |
30607 |
| 830 #0 - PUNTO DE ACCESO ADICIONAL DE SERIE-TÍTULO UNIFORME |
| Título uniforme |
Serie IER 20 años. |
| 9 (RLIN) |
30608 |
| 910 ## - DATOS DE OPCIÓN DEL USUARIO (OCLC) |
| Datos de opción del usuario |
Catalogación por copia / LC |